<?xml version='1.0' encoding='UTF-8'?>
  <record xmlns="http://www.loc.gov/MARC21/slim">
    <leader>00000cam a2200000 i 4500</leader>
    <controlfield tag="001">ocm15435025</controlfield>
    <controlfield tag="003">OCoLC</controlfield>
    <controlfield tag="005">20251231062001.4</controlfield>
    <controlfield tag="008">870330s1526    sz            001 0 lat d</controlfield>
    <datafield tag="040" ind1=" " ind2=" ">
      <subfield code="a">IMH</subfield>
      <subfield code="b">eng</subfield>
      <subfield code="e">rda</subfield>
      <subfield code="e">dcrmr</subfield>
      <subfield code="c">IMH</subfield>
      <subfield code="d">OCL</subfield>
      <subfield code="d">OCLCG</subfield>
      <subfield code="d">OCLCQ</subfield>
      <subfield code="d">OCLCA</subfield>
      <subfield code="d">OCLCF</subfield>
      <subfield code="d">OCLCO</subfield>
      <subfield code="d">OCLCQ</subfield>
      <subfield code="d">QGJ</subfield>
      <subfield code="d">OCLCO</subfield>
      <subfield code="d">OCLCL</subfield>
      <subfield code="d">OCLCQ</subfield>
      <subfield code="d">OCLCL</subfield>
      <subfield code="d">QGJ</subfield>
    </datafield>
    <datafield tag="035" ind1=" " ind2=" ">
      <subfield code="a">(OCoLC)15435025</subfield>
    </datafield>
    <datafield tag="082" ind1="0" ind2="4">
      <subfield code="a">227.1</subfield>
      <subfield code="b">Oe2i</subfield>
      <subfield code="1">https://id.oclc.org/worldcat/ddc/E3hpbkk6VFWYvb3mpxKjVpxkgj</subfield>
    </datafield>
    <datafield tag="100" ind1="1" ind2=" ">
      <subfield code="a">Oecolampadius, Johann,</subfield>
      <subfield code="d">1482-1531,</subfield>
      <subfield code="e">author.</subfield>
      <subfield code="4">aut</subfield>
      <subfield code="1">https://id.oclc.org/worldcat/entity/E39PBJfMphbYxKh7WTxRmGrrMP</subfield>
    </datafield>
    <datafield tag="245" ind1="1" ind2="0">
      <subfield code="a">In Epistolam B. Pauli apost. ad Rhomanos Adnotitiones /</subfield>
      <subfield code="c">à Ioanne Oecolampadio Basileae praelectae, &amp; denuo recognitae. Cum Indice.</subfield>
    </datafield>
    <datafield tag="246" ind1="3" ind2=" ">
      <subfield code="a">In Epistolam b. Pavli apost. ad Rhomanos Adnotationes</subfield>
    </datafield>
    <datafield tag="246" ind1="1" ind2="7">
      <subfield code="a">Annot. in. epist. Pauli ad Rhom. Io. Oecol. authore</subfield>
    </datafield>
    <datafield tag="264" ind1=" " ind2="1">
      <subfield code="a">Basileae, :</subfield>
      <subfield code="b">[per Andr. Cratandrvm],</subfield>
      <subfield code="c">anno M.D.XXVI. [1526]</subfield>
    </datafield>
    <datafield tag="300" ind1=" " ind2=" ">
      <subfield code="a">97, [7] leaves ;</subfield>
      <subfield code="c">16 cm</subfield>
    </datafield>
    <datafield tag="336" ind1=" " ind2=" ">
      <subfield code="a">text</subfield>
      <subfield code="b">txt</subfield>
      <subfield code="2">rdacontent</subfield>
    </datafield>
    <datafield tag="337" ind1=" " ind2=" ">
      <subfield code="a">unmediated</subfield>
      <subfield code="b">n</subfield>
      <subfield code="2">rdamedia</subfield>
    </datafield>
    <datafield tag="338" ind1=" " ind2=" ">
      <subfield code="a">volume</subfield>
      <subfield code="b">nc</subfield>
      <subfield code="2">rdacarrier</subfield>
    </datafield>
    <datafield tag="500" ind1=" " ind2=" ">
      <subfield code="a">Signatures: A-N⁸.</subfield>
    </datafield>
    <datafield tag="500" ind1=" " ind2=" ">
      <subfield code="a">Printer's device on A1r &amp; N8v; decorated initials.</subfield>
    </datafield>
    <datafield tag="500" ind1=" " ind2=" ">
      <subfield code="a">Imprint: Basileae, anno M.D.XXVI.</subfield>
    </datafield>
    <datafield tag="500" ind1=" " ind2=" ">
      <subfield code="a">Colophon (N7v): Basileae, per Andr. Cratandrvm, mense Ianvario, an. M.D. XXVI.</subfield>
    </datafield>
    <datafield tag="500" ind1=" " ind2=" ">
      <subfield code="a">Printer's name taken from colophon.</subfield>
    </datafield>
    <datafield tag="500" ind1=" " ind2=" ">
      <subfield code="a">Leaf 96 numbered "69."</subfield>
    </datafield>
    <datafield tag="500" ind1=" " ind2=" ">
      <subfield code="a">Includes index.</subfield>
    </datafield>
    <datafield tag="500" ind1=" " ind2=" ">
      <subfield code="a">"Cum gratia &amp; priuilegio Caesareo."</subfield>
    </datafield>
    <datafield tag="510" ind1="4" ind2=" ">
      <subfield code="a">Verzeichnis der im deutschen Sprachbereich erschienenen Drucke des 16. Jahrhunderts (VD 16),</subfield>
      <subfield code="c">O 342</subfield>
    </datafield>
    <datafield tag="510" ind1="4" ind2=" ">
      <subfield code="a">Staehelin, E. Oekolampad-Bibliographie,</subfield>
      <subfield code="c">122</subfield>
    </datafield>
    <datafield tag="630" ind1="0" ind2="0">
      <subfield code="a">Bible.</subfield>
      <subfield code="p">Romans</subfield>
      <subfield code="v">Commentaries.</subfield>
    </datafield>
    <datafield tag="630" ind1="0" ind2="7">
      <subfield code="a">Bible.</subfield>
      <subfield code="p">Romans</subfield>
      <subfield code="2">fast</subfield>
    </datafield>
    <datafield tag="655" ind1=" " ind2="7">
      <subfield code="a">Commentaries</subfield>
      <subfield code="2">fast</subfield>
    </datafield>
    <datafield tag="700" ind1="1" ind2=" ">
      <subfield code="a">Cratander, Andreas,</subfield>
      <subfield code="d">-1540?,</subfield>
      <subfield code="e">printer.</subfield>
      <subfield code="4">prt</subfield>
      <subfield code="1">https://id.oclc.org/worldcat/entity/E39PBJwxMgXBR44wmQhJHWhGpP</subfield>
    </datafield>
    <datafield tag="752" ind1=" " ind2=" ">
      <subfield code="a">Switzerland</subfield>
      <subfield code="d">Basel,</subfield>
      <subfield code="e">publication place.</subfield>
      <subfield code="4">pup</subfield>
    </datafield>
  </record>